| 000 | 00521nam a2200181Ia 4500 | ||
|---|---|---|---|
| 008 | 140626s9999 xx 000 0 und d | ||
| 100 | _aMcCarthy, John. | ||
| 245 |
_aMotivational interviewing : _bresolving ambivalence in pursuit of change / _cJohn McCarthy. |
||
| 260 | _cc2011. | ||
| 300 | _a4 : 1, page 60 | ||
| 440 | _aJournal of Counselling | ||
| 521 | _aPSYCH | ||
| 650 | _aCounselling. | ||
| 650 | _aMotivational interviewing. | ||
| 650 | _aPsychotheraphy. | ||
| 650 | _aPursuit of change. | ||
| 942 | _cSE | ||
| 999 |
_c121364 _d121364 |
||